Rabindranath Tagore: life, philosophy nad literary land scape (Record no. 1227359)

MARC details
000 -LEADER
fixed length control field 00706nam a2200229Ia 4500
005 - DATE AND TIME OF LATEST TRANSACTION
control field 20241129110120.0
008 - FIXED-LENGTH DATA ELEMENTS--GENERAL INFORMATION
fixed length control field 241129s9999||||xx |||||||||||||| ||und||
020 ## - INTERNATIONAL STANDARD BOOK NUMBER
International Standard Book Number 978-93-89409-05-5
037 ## - SOURCE OF ACQUISITION
Stock number TB
040 ## - CATALOGING SOURCE
Original cataloging agency ARTS
Language of cataloging eng
Transcribing agency ARTS
041 ## - LANGUAGE CODE
Language code of text/sound track or separate title eng
Source of code ben
084 ## - COLON CLASSIFICATION NUMBER
Classification number O157,1M61:g 111Q9
Assigning agency ARTS
100 ## - MAIN ENTRY--PERSONAL NAME
Personal name Ghose Goutam Au.
9 (RLIN) 727257
245 #0 - TITLE STATEMENT
Title Rabindranath Tagore: life, philosophy nad literary land scape
Statement of responsibility, etc. Ghose Goutam Au.
260 ## - PUBLICATION, DISTRIBUTION, ETC.
Place of publication, distribution, etc. New Delhi, India
Name of publisher, distributor, etc. New Omega Publications
Date of publication, distribution, etc. 2012
300 ## - PHYSICAL DESCRIPTION
Extent 264p.
365 ## - TRADE PRICE
Price type code INR
Price amount 995
546 ## - LANGUAGE NOTE
Language note Translated from Bengali to English
650 ## - SUBJECT ADDED ENTRY--TOPICAL TERM
Topical term or geographic name entry element Bengali Poetry
942 ## - ADDED ENTRY ELEMENTS (KOHA)
Koha item type Textbook
Classification part O157,1M61:g 111Q9
Holdings
Withdrawn status Lost status Damaged status Not for loan Home library Current library Date acquired Source of acquisition Cost, normal purchase price Inventory number Total Checkouts Full call number Barcode Date last seen Price effective from Koha item type
        Arts Library Arts Library 2024-11-29 Pratibha Book Distributors 995.00 PBD/154/23 & 29/12/2023   O157,1M61:g 111Q9 AL1803393 2024-11-29 2024-11-29 Textbook
Copyright @ Delhi University Library System